| 000 | 00641nam a22001937a 4500 | ||
|---|---|---|---|
| 003 | OSt | ||
| 005 | 20251222143644.0 | ||
| 008 | 251222b |||||||| |||| 00| 0 eng d | ||
| 040 | _cDCL | ||
| 041 | _aEnglish | ||
| 082 | _a959.116 | ||
| 100 |
_aTzang Yawnghwe, Chao, _d1939- |
||
| 245 | 1 | 4 |
_aThe Shan of Burma : _bmemoirs of a Shan exile / _cChao Tzang Yawnghwe (alias Eugene Thaike) |
| 260 |
_aSingapore : _bInstitute of Southeast Asian Studies, _c1987. |
||
| 300 |
_axv, 276 pages : _billustrations, maps ; _c20 cm. |
||
| 650 | _aShan (Asian people) | ||
| 651 |
_aShan State (Myanmar) _vHistory |
||
| 942 |
_2ddc _cSHORT TERM _n0 |
||
| 999 |
_c2783 _d2783 |
||